Prénoms : du féminin au masculin 3 (mort subite) - Statistiques

Statistiques générales
  • Ce quiz a été pris 136 fois
    135 depuis la dernière actualisation
  • Le résultat moyen est 7 sur 10
Answers on the Grid
Answers color-coded by a green-red scale on the quiz's grid according to % correct below.
Géraldine
Hermine
Daphné
Jennifer
Eliane
Candice
Valérie
Fanny
Marianne
Bérénice
Noëlle
Patricia
Régine
Simone
Toscane
Agathe
 
Statistiques - réponses
Réponse % Correct
Simone
88%
Géraldine
86%
Patricia
84%
Noëlle
81%
Valérie
73%
Eliane
72%
Régine
61%
Marianne
42%
Toscane
41%
Hermine
36%
Aucun quiz correspondant
Distribution des résultats
% des personnes avec chaque résultat
Percentile par nombre de réponses
Votre historique - résultats
Vous n’avez pas pris ce quiz depuis la dernière actualisation